| 000 | 00948nam a2200241Ia 4500 | ||
|---|---|---|---|
| 001 | 16240 | ||
| 003 | GE_BSU | ||
| 008 | 181216s||||||||xx |||||||||||||| ||und|| | ||
| 020 | _a9789941163173 | ||
| 040 | _cGE_BSU | ||
| 100 | _aშეადგინა შესავალი წერილი და შენიშვნ.დაურთო თეიმურაზ ქურდოვანიძემ | ||
| 245 | _aქართული ზეპირსიტყვიერების საგანძური:2 | ||
| 245 | _bზღაპარი | ||
| 245 | _cრედ:ბეგო ბეჟუაშვილი | ||
| 260 | _aთბილისი | ||
| 260 | _bსაქართველოს მაცნე | ||
| 260 | _c2013 | ||
| 300 | _a376გვ;22სმ. | ||
| 541 | _h9ლ. | ||
| 653 | _aზღაპარი | ||
| 653 | _aქართული ზეპირსიტყვიერება | ||
| 942 | _cBK | ||
| 999 |
_c49324 _d49324 |
||